[Event "MSRCH16"]
[Site "?"]
[Date "2026.04.11"]
[Round "2.10"]
[White "Bartelt, Tobias"]
[Black "Zaborsky, Richard"]
[Result "1-0"]
[BlackElo "1662"]
[WhiteElo "1830"]
[LiveChessVersion "1.4.8"]

1. e4 {[%clk 1:30:55]} c6 {[%clk 1:30:55]} 2. c4 {[%clk 1:31:10]} d5
{[%clk 1:31:20]} 3. exd5 {[%clk 1:31:31]} cxd5 {[%clk 1:31:47]} 4. cxd5
{[%clk 1:31:53]} Qxd5 {[%clk 1:31:46]} 5. Nc3 {[%clk 1:32:18]} Qd8
{[%clk 1:31:49]} 6. d4 {[%clk 1:32:43]} Nf6 {[%clk 1:32:10]} 7. Bc4
{[%clk 1:32:07]} e6 {[%clk 1:29:52]} 8. Nf3 {[%clk 1:32:13]} Qc7 {[%clk 1:29:01]}
9. Qe2 {[%clk 1:29:29]} Be7 {[%clk 1:28:11]} 10. O-O {[%clk 1:25:54]} O-O
{[%clk 1:28:26]} 11. Nb5 {[%clk 1:25:04]} Qd8 {[%clk 1:18:14]} 12. Bf4
{[%clk 1:24:05]} Na6 {[%clk 1:17:59]} 13. Rfd1 {[%clk 1:23:47]} Nd5
{[%clk 1:16:06]} 14. Bg3 {[%clk 1:23:33]} Nac7 {[%clk 1:13:40]} 15. Nxc7
{[%clk 1:18:33]} Nxc7 {[%clk 1:13:58]} 16. Rac1 {[%clk 1:17:53]} Nd5
{[%clk 1:10:57]} 17. a3 {[%clk 1:14:14]} a6 {[%clk 1:00:59]} 18. Bxd5
{[%clk 1:14:04]} Qxd5 {[%clk 1:00:54]} 19. Rc7 {[%clk 1:13:53]} Bd6
{[%clk 0:56:48]} 20. Bxd6 {[%clk 1:13:03]} Qxd6 {[%clk 0:56:24]} 21. Rdc1
{[%clk 1:13:24]} Bd7 {[%clk 0:54:15]} 22. R7c5 {[%clk 1:09:22]} Bc6
{[%clk 0:47:14]} 23. Ne5 {[%clk 1:07:07]} Rfc8 {[%clk 0:45:43]} 24. Qc4
{[%clk 1:04:54]} Rd8 {[%clk 0:41:15]} 25. Nxc6 {[%clk 1:04:16]} bxc6
{[%clk 0:40:40]} 26. Rxc6 {[%clk 1:04:24]} Qxd4 {[%clk 0:40:53]} 27. Qxd4
{[%clk 1:04:45]} Rxd4 {[%clk 0:41:18]} 28. Rxa6 {[%clk 1:05:09]} Rad8
{[%clk 0:38:45]} 29. h3 {[%clk 1:04:26]} Kf8 {[%clk 0:38:44]} 30. b4
{[%clk 1:04:00]} Rb8 {[%clk 0:33:42]} 31. Ra7 {[%clk 1:03:37]} g6
{[%clk 0:32:27]} 32. Rcc7 {[%clk 1:03:59]} Rf4 {[%clk 0:32:52]} 33. Rc2
{[%clk 0:55:15]} Kg7 {[%clk 0:26:43]} 34. Rb2 {[%clk 0:55:01]} Kf6
{[%clk 0:25:46]} 35. b5 {[%clk 0:54:35]} Ke5 {[%clk 0:24:06]} 36. a4
{[%clk 0:53:12]} Kd6 {[%clk 0:10:52]} 37. b6 {[%clk 0:53:21]} Rc4
{[%clk 0:07:20]} 38. a5 {[%clk 0:53:45]} Rc1+ {[%clk 0:05:15]} 39. Kh2
{[%clk 0:53:28]} Rcc8 {[%clk 0:03:53]} 40. Rxf7 {[%clk 0:50:13]} Rc5 41. a6 Rc6
{[%clk 0:30:17]} 42. a7 {[%clk 1:20:21]} Rbxb6 {[%clk 0:30:01]} 43. Rxb6
{[%clk 1:20:34]} 1-0

[Event "MSRCH16"]
[Site "?"]
[Date "2026.04.11"]
[Round "2.11"]
[White "Durovka, Marek"]
[Black "Kis, Arnold"]
[Result "1-0"]
[BlackElo "1619"]
[WhiteElo "2054"]
[LiveChessVersion "1.4.8"]

1. d4 {[%clk 1:30:41]} Nf6 {[%clk 1:30:55]} 2. c4 {[%clk 1:30:57]} g6
{[%clk 1:31:21]} 3. Nc3 {[%clk 1:31:18]} d5 {[%clk 1:31:45]} 4. cxd5
{[%clk 1:25:57]} Nxd5 {[%clk 1:32:08]} 5. e3 {[%clk 1:22:51]} Bg7
{[%clk 1:27:55]} 6. Nxd5 {[%clk 1:18:08]} Qxd5 {[%clk 1:23:55]} 7. Ne2
{[%clk 1:18:36]} O-O {[%clk 1:23:35]} 8. Nc3 {[%clk 1:18:59]} Qd8
{[%clk 1:22:32]} 9. Be2 {[%clk 1:19:21]} e6 {[%clk 1:18:27]} 10. O-O
{[%clk 1:14:24]} Nd7 {[%clk 1:07:48]} 11. e4 {[%clk 1:05:34]} Nb6
{[%clk 1:05:47]} 12. Be3 {[%clk 1:04:22]} Qe7 {[%clk 1:03:48]} 13. Qb3
{[%clk 1:00:31]} Bd7 {[%clk 0:57:51]} 14. Rfd1 {[%clk 0:58:53]} Bc6
{[%clk 0:56:13]} 15. a4 {[%clk 0:53:12]} Rab8 {[%clk 0:36:21]} 16. a5
{[%clk 0:52:45]} Nc8 {[%clk 0:36:42]} 17. d5 {[%clk 0:44:00]} exd5
{[%clk 0:36:44]} 18. exd5 {[%clk 0:44:14]} Bd7 {[%clk 0:36:30]} 19. Bf3
{[%clk 0:43:06]} a6 {[%clk 0:30:53]} 20. Ne4 {[%clk 0:37:42]} Bf5
{[%clk 0:30:24]} 21. Nc5 {[%clk 0:27:16]} Nd6 {[%clk 0:29:26]} 22. Re1
{[%clk 0:25:29]} Qf6 {[%clk 0:26:12]} 23. Re2 {[%clk 0:24:00]} Rfd8
{[%clk 0:25:11]} 24. Ra4 {[%clk 0:17:00]} Bf8 {[%clk 0:22:47]} 25. Bd4
{[%clk 0:11:05]} Qg5 {[%clk 0:21:33]} 26. Be3 {[%clk 0:09:43]} Qf6
{[%clk 0:21:51]} 27. g4 {[%clk 0:06:31]} Bc2 {[%clk 0:21:02]} 28. Qxc2
{[%clk 0:06:10]} Qxf3 {[%clk 0:21:25]} 29. Qd3 {[%clk 0:03:09]} Nb5
{[%clk 0:20:17]} 30. Rd2 {[%clk 0:03:20]} Bxc5 {[%clk 0:19:18]} 31. Bxc5
{[%clk 0:03:48]} Qxd3 {[%clk 0:19:17]} 32. Rxd3 {[%clk 0:04:17]} Rd7
{[%clk 0:18:45]} 33. Ra1 {[%clk 0:03:41]} Rbd8 {[%clk 0:18:37]} 34. Rad1
{[%clk 0:04:10]} Kg7 {[%clk 0:18:42]} 35. Be3 {[%clk 0:02:39]} Kf6
{[%clk 0:18:23]} 36. Bf4 {[%clk 0:02:06]} Nd6 {[%clk 0:14:36]} 37. Rf3
{[%clk 0:01:05]} Kg7 {[%clk 0:13:53]} 38. Rc3 {[%clk 0:00:36]} Nb5
{[%clk 0:13:48]} 39. Rcd3 {[%clk 0:00:38]} Nd6 {[%clk 0:13:56]} 40. b3
{[%clk 0:00:37]} f6 {[%clk 0:07:48]} 41. Bc1 {[%clk 0:23:29]} Kf7
{[%clk 0:36:54]} 42. Rh3 {[%clk 0:22:15]} Kg7 {[%clk 0:33:12]} 43. Bb2
{[%clk 0:21:49]} Ne4 {[%clk 0:29:54]} 44. Re3 {[%clk 0:20:30]} Nd6
{[%clk 0:22:25]} 45. g5 {[%clk 0:14:43]} Ne8 {[%clk 0:20:29]} 46. Rde1
{[%clk 0:13:26]} Kf7 {[%clk 0:19:28]} 47. gxf6 {[%clk 0:13:39]} Nxf6
{[%clk 0:15:26]} 48. Rf3 {[%clk 0:13:54]} Rd6 {[%clk 0:15:28]} 49. Re6
{[%clk 0:14:02]} Rxd5 {[%clk 0:14:57]} 50. Rfxf6+ {[%clk 0:10:29]} Kg8
{[%clk 0:14:44]} 51. Be5 {[%clk 0:10:08]} Rxa5 {[%clk 0:14:14]} 52. Bxc7
{[%clk 0:10:00]} Rd1+ {[%clk 0:09:57]} 53. Kg2 {[%clk 0:10:28]} Rg5+
{[%clk 0:10:17]} 54. Bg3 {[%clk 0:10:39]} Rd7 {[%clk 0:09:59]} 55. h4
{[%clk 0:10:39]} Rb5 {[%clk 0:09:53]} 56. Be5 {[%clk 0:04:19]} Rd8
{[%clk 0:10:02]} 57. Re7 {[%clk 0:03:49]} Rb4 {[%clk 0:09:04]} 58. Rff7
{[%clk 0:03:28]} Rxh4 {[%clk 0:09:15]} 59. Rg7+ {[%clk 0:02:50]} Kf8
{[%clk 0:08:49]} 60. Ref7+ {[%clk 0:02:49]} Ke8 {[%clk 0:09:05]} 61. Bf6
{[%clk 0:02:51]} Rf4 {[%clk 0:08:45]} 62. Rxh7 {[%clk 0:03:04]} Rd2
{[%clk 0:07:41]} 63. Re7+ {[%clk 0:03:27]} Kf8 {[%clk 0:08:03]} 64. Rh8#
{[%clk 0:03:54]} 1-0

[Event "MSRCH16"]
[Site "?"]
[Date "2026.04.11"]
[Round "2.12"]
[White "Pauko, Sebastian"]
[Black "Meszaros, Casey Ryan"]
[Result "0-1"]
[BlackElo "2204"]
[WhiteElo "1726"]
[LiveChessVersion "1.4.8"]

1. d4 {[%clk 1:30:43]} d5 {[%clk 1:29:05]} 2. Nf3 {[%clk 1:31:06]} Nf6
{[%clk 1:29:29]} 3. Bf4 {[%clk 1:30:49]} e6 {[%clk 1:29:43]} 4. e3
{[%clk 1:31:04]} c5 {[%clk 1:29:42]} 5. c3 {[%clk 1:31:18]} Nc6 {[%clk 1:29:54]}
6. Bd3 {[%clk 1:30:51]} Nh5 {[%clk 1:22:07]} 7. Bg3 {[%clk 1:28:41]} Qb6
{[%clk 1:14:43]} 8. Qb3 {[%clk 1:25:56]} c4 {[%clk 0:57:59]} 9. Qxb6
{[%clk 1:26:01]} axb6 {[%clk 0:58:23]} 10. Bc2 {[%clk 1:25:51]} b5
{[%clk 0:56:04]} 11. b4 {[%clk 1:18:04]} cxb3 {[%clk 0:46:24]} 12. Bxb3
{[%clk 1:16:05]} Na5 {[%clk 0:44:33]} 13. Nbd2 {[%clk 1:11:27]} Nxb3
{[%clk 0:36:09]} 14. Nxb3 {[%clk 1:11:43]} Ba3 {[%clk 0:34:15]} 15. O-O
{[%clk 0:59:53]} Nxg3 {[%clk 0:32:27]} 16. hxg3 {[%clk 0:58:31]} Bb2
{[%clk 0:32:14]} 17. Rab1 {[%clk 0:58:31]} Bxc3 {[%clk 0:32:15]} 18. Nc5
{[%clk 0:51:10]} b4 {[%clk 0:29:17]} 19. Nd3 {[%clk 0:49:26]} Ra4
{[%clk 0:16:13]} 20. Nc5 {[%clk 0:39:35]} Rxa2 {[%clk 0:16:07]} 21. Nd3
{[%clk 0:39:56]} Ra4 {[%clk 0:05:59]} 22. Rb3 {[%clk 0:35:31]} f6
{[%clk 0:03:06]} 23. Rfb1 {[%clk 0:34:47]} Bd7 {[%clk 0:02:07]} 24. Nxb4
{[%clk 0:34:38]} Bxb4 {[%clk 0:02:20]} 25. Rxb4 {[%clk 0:34:59]} Rxb4
{[%clk 0:02:49]} 26. Rxb4 {[%clk 0:35:21]} Bc6 {[%clk 0:02:39]} 27. Nd2
{[%clk 0:34:53]} Kd7 {[%clk 0:02:30]} 28. Nb3 {[%clk 0:33:30]} Rb8
{[%clk 0:00:46]} 29. Nc5+ {[%clk 0:32:19]} Kd6 {[%clk 0:01:06]} 30. Rb6
{[%clk 0:26:41]} e5 {[%clk 0:01:08]} 31. f4 {[%clk 0:24:09]} exd4
{[%clk 0:01:12]} 32. exd4 {[%clk 0:24:35]} Ra8 {[%clk 0:00:48]} 33. Rb2
{[%clk 0:19:58]} b5 {[%clk 0:00:41]} 34. f5 Ra3 {[%clk 0:00:46]} 35. Kf2
{[%clk 0:15:50]} Ra1 {[%clk 0:00:38]} 36. Ne6 {[%clk 0:15:13]} g6
{[%clk 0:00:54]} 37. g4 {[%clk 0:13:30]} Bd7 {[%clk 0:00:41]} 38. Nf8
{[%clk 0:11:01]} gxf5 {[%clk 0:00:49]} 39. Nxd7 {[%clk 0:10:03]} Kxd7
{[%clk 0:01:14]} 40. Rxb5 {[%clk 0:09:58]} fxg4 {[%clk 0:00:55]} 41. Rxd5+
{[%clk 0:09:10]} Ke6 {[%clk 0:00:38]} 42. Rh5 {[%clk 0:04:12]} Ra3
{[%clk 0:21:31]} 43. d5+ {[%clk 0:26:41]} Kf7 {[%clk 0:13:04]} 44. Rxh7+
{[%clk 0:26:21]} Kg6 {[%clk 0:13:21]} 45. Rb7 {[%clk 0:26:09]} Rd3
{[%clk 0:05:01]} 46. Rb5 {[%clk 0:25:39]} Kf5 {[%clk 0:04:21]} 47. Ke2
{[%clk 0:19:12]} Ra3 {[%clk 0:03:57]} 48. d6+ {[%clk 0:18:37]} Ke6
{[%clk 0:04:13]} 49. Rb4 {[%clk 0:18:16]} Ra2+ {[%clk 0:02:55]} 50. Kf1
{[%clk 0:18:03]} f5 {[%clk 0:02:03]} 51. Rd4 {[%clk 0:18:00]} Ra7
{[%clk 0:02:04]} 52. Kf2 {[%clk 0:15:25]} Rd7 {[%clk 0:02:22]} 53. Ra4
{[%clk 0:11:53]} Rxd6 {[%clk 0:02:44]} 54. Ra5 {[%clk 0:11:12]} Rd3
{[%clk 0:02:40]} 55. Ra8 {[%clk 0:10:33]} Kf6 {[%clk 0:00:41]} 56. Rb8
{[%clk 0:09:54]} Kg5 {[%clk 0:01:05]} 57. Ra8 {[%clk 0:10:07]} Rd2+
{[%clk 0:01:09]} 58. Kf1 {[%clk 0:08:46]} Kf4 {[%clk 0:00:58]} 59. Ra3
{[%clk 0:08:22]} g3 {[%clk 0:00:33]} 60. Ra4+ {[%clk 0:07:37]} Ke3
{[%clk 0:00:40]} 61. Ra3+ {[%clk 0:07:50]} Rd3 {[%clk 0:01:04]} 62. Ra1
{[%clk 0:06:53]} Rb3 {[%clk 0:00:49]} 63. Re1+ {[%clk 0:06:38]} Kf4
{[%clk 0:01:10]} 64. Ra1 {[%clk 0:06:58]} Re3 {[%clk 0:00:39]} 65. Ra4+
{[%clk 0:07:14]} Re4 {[%clk 0:00:59]} 66. Ra8 {[%clk 0:07:08]} Rb4
{[%clk 0:01:18]} 67. Ra1 {[%clk 0:07:27]} Kg4 {[%clk 0:01:19]} 68. Rc1
{[%clk 0:07:33]} Rf4+ {[%clk 0:01:41]} 69. Kg1 {[%clk 0:07:45]} Re4
{[%clk 0:01:04]} 70. Kf1 {[%clk 0:07:32]} Ra4 {[%clk 0:01:26]} 71. Rb1
{[%clk 0:07:56]} Ra2 {[%clk 0:01:48]} 72. Rb4+ {[%clk 0:07:33]} Kg5
{[%clk 0:02:06]} 73. Rb1 {[%clk 0:07:59]} Kf4 {[%clk 0:02:19]} 74. Rb4+
{[%clk 0:07:39]} Kg5 {[%clk 0:02:26]} 75. Rb1 {[%clk 0:07:59]} Rd2
{[%clk 0:02:53]} 76. Ra1 {[%clk 0:08:16]} Kf4 {[%clk 0:03:11]} 77. Ra4+
{[%clk 0:08:09]} Ke3 {[%clk 0:03:32]} 78. Ra3+ {[%clk 0:08:23]} Rd3
{[%clk 0:03:57]} 79. Ra1 {[%clk 0:08:44]} Kd2 {[%clk 0:03:51]} 80. Ra2+
{[%clk 0:08:46]} Ke3 {[%clk 0:03:02]} 81. Re2+ {[%clk 0:09:10]} Kd4
{[%clk 0:03:25]} 82. Re8 {[%clk 0:06:57]} Rd2 {[%clk 0:02:36]} 83. Rd8+
{[%clk 0:06:19]} Ke3 {[%clk 0:02:50]} 84. Re8+ {[%clk 0:06:42]} Kd3
{[%clk 0:02:28]} 85. Rd8+ {[%clk 0:06:41]} Kc2 {[%clk 0:02:51]} 86. Rc8+
{[%clk 0:07:09]} Kd1 {[%clk 0:03:12]} 87. Ra8 {[%clk 0:07:09]} Rf2+
{[%clk 0:03:36]} 88. Kg1 {[%clk 0:07:30]} Rc2 {[%clk 0:01:59]} 89. Kf1
{[%clk 0:05:35]} Kd2 {[%clk 0:02:03]} 90. Ra1 {[%clk 0:05:55]} f4
{[%clk 0:00:41]} 91. Rb1 {[%clk 0:05:29]} Kd3 {[%clk 0:00:47]} 92. Rd1+
{[%clk 0:05:41]} Rd2 {[%clk 0:01:10]} 93. Ra1 {[%clk 0:05:43]} Rf2+
{[%clk 0:01:23]} 94. Kg1 {[%clk 0:06:06]} Kc3 {[%clk 0:00:55]} 95. Rc1+
{[%clk 0:06:05]} Kb2 {[%clk 0:00:36]} 96. Rf1 {[%clk 0:05:42]} Rxf1+
{[%clk 0:00:47]} 97. Kxf1 {[%clk 0:06:09]} Kc3 {[%clk 0:01:17]} 98. Ke2
{[%clk 0:06:10]} Kd4 {[%clk 0:01:44]} 99. Kf3 {[%clk 0:06:19]} Ke5
{[%clk 0:02:11]} 100. Ke2 {[%clk 0:06:27]} Ke4 {[%clk 0:02:37]} 101. Ke1
{[%clk 0:06:16]} Ke3 {[%clk 0:02:13]} 102. Kf1 {[%clk 0:06:31]} Kd2
{[%clk 0:02:37]} 103. Kg1 {[%clk 0:06:42]} Ke2 {[%clk 0:02:55]} 104. Kh1
{[%clk 0:07:01]} f3 {[%clk 0:03:15]} 105. gxf3 {[%clk 0:07:29]} Kf2
{[%clk 0:03:32]} 0-1

[Event "MSRCH16"]
[Site "?"]
[Date "2026.04.11"]
[Round "2.13"]
[White "Bebko, Alex"]
[Black "Bilik, Matej"]
[Result "1/2-1/2"]
[BlackElo "2009"]
[WhiteElo "1641"]
[LiveChessVersion "1.4.8"]

1. e4 {[%clk 1:30:30]} c6 {[%clk 1:30:53]} 2. Nf3 {[%clk 1:29:45]} d5
{[%clk 1:31:08]} 3. Nc3 {[%clk 1:30:03]} dxe4 {[%clk 1:21:53]} 4. Nxe4
{[%clk 1:29:00]} Bg4 {[%clk 1:21:05]} 5. h3 {[%clk 1:26:57]} Bh5 {[%clk 1:18:11]}
6. Ng3 {[%clk 1:26:05]} Bg6 {[%clk 1:17:23]} 7. h4 {[%clk 1:25:36]} h6 8. Ne5
{[%clk 1:23:28]} Bh7 {[%clk 1:13:32]} 9. Qh5 {[%clk 1:22:12]} g6 {[%clk 1:13:03]}
10. Bc4 {[%clk 1:21:52]} e6 {[%clk 1:10:27]} 11. Qe2 {[%clk 1:21:51]} Qe7
{[%clk 1:04:24]} 12. d4 {[%clk 1:18:05]} Nf6 {[%clk 1:00:50]} 13. Bd2
{[%clk 1:13:05]} Nbd7 {[%clk 0:49:39]} 14. f4 {[%clk 0:59:40]} Bg7
{[%clk 0:38:28]} 15. Bd3 {[%clk 0:54:22]} O-O-O {[%clk 0:33:41]} 16. O-O-O
{[%clk 0:51:08]} Nb6 {[%clk 0:26:16]} 17. c3 {[%clk 0:48:42]} Kb8
{[%clk 0:24:21]} 18. Qf3 {[%clk 0:42:35]} Rc8 {[%clk 0:22:47]} 19. h5
{[%clk 0:31:10]} Nfd7 {[%clk 0:11:48]} 20. hxg6 {[%clk 0:20:07]} Nxe5
{[%clk 0:12:09]} 21. fxe5 {[%clk 0:17:11]} fxg6 {[%clk 0:12:11]} 22. Ne4
{[%clk 0:13:32]} g5 {[%clk 0:09:58]} 23. Qe2 {[%clk 0:09:51]} Rcf8
{[%clk 0:08:39]} 24. Rdf1 {[%clk 0:09:23]} Nd5 {[%clk 0:03:54]} 25. g3
{[%clk 0:08:15]} Nc7 {[%clk 0:03:20]} 26. Nd6 {[%clk 0:06:46]} Ne8
{[%clk 0:02:31]} 27. Nxe8 {[%clk 0:05:39]} Bxd3 {[%clk 0:02:40]} 28. Qxd3
{[%clk 0:05:58]} Qxe8 {[%clk 0:03:02]} 29. g4 {[%clk 0:04:46]} Rxf1+
{[%clk 0:02:05]} 30. Rxf1 {[%clk 0:04:44]} Rf8 {[%clk 0:02:32]} 31. Be1
{[%clk 0:03:46]} Rxf1 {[%clk 0:01:53]} 32. Qxf1 {[%clk 0:04:15]} Qf8
{[%clk 0:02:11]} 33. Qxf8+ {[%clk 0:03:39]} Bxf8 {[%clk 0:02:40]} 34. Kd2
{[%clk 0:03:57]} Kc7 {[%clk 0:03:01]} 35. Kd3 {[%clk 0:03:29]} Kd7
{[%clk 0:03:15]} 36. c4 {[%clk 0:03:21]} b6 {[%clk 0:01:20]} 37. Ke4
{[%clk 0:02:53]} Be7 {[%clk 0:00:43]} 38. d5 {[%clk 0:01:23]} Bf8
{[%clk 0:00:36]} 39. b3 {[%clk 0:01:23]} Be7 {[%clk 0:00:48]} 40. Bf2
{[%clk 0:01:36]} 1/2-1/2

[Event "MSRCH16"]
[Site "?"]
[Date "2026.04.11"]
[Round "2.14"]
[White "Jursa, Juraj"]
[Black "Foldesi, Marek"]
[Result "1-0"]
[BlackElo "1746"]
[WhiteElo "2001"]
[LiveChessVersion "1.4.8"]

1. e4 {[%clk 1:30:45]} d5 {[%clk 1:30:53]} 2. exd5 {[%clk 1:31:05]} Qxd5
{[%clk 1:31:20]} 3. Nc3 {[%clk 1:31:24]} Qa5 {[%clk 1:31:44]} 4. d4
{[%clk 1:31:37]} Nf6 {[%clk 1:31:51]} 5. Nf3 {[%clk 1:30:42]} c6 {[%clk 1:32:13]}
6. Bc4 {[%clk 1:27:08]} Bg4 {[%clk 1:32:12]} 7. h3 {[%clk 1:27:16]} Bh5
{[%clk 1:32:31]} 8. g4 {[%clk 1:25:27]} Bg6 {[%clk 1:32:48]} 9. O-O
{[%clk 1:23:51]} Nbd7 {[%clk 1:32:23]} 10. Bd2 {[%clk 1:23:48]} Qc7
{[%clk 1:32:44]} 11. Re1 {[%clk 1:22:51]} e6 {[%clk 1:32:58]} 12. Ne5
{[%clk 1:05:14]} O-O-O {[%clk 1:32:07]} 13. a3 {[%clk 1:05:14]} Nd5
{[%clk 1:32:07]} 14. Qc1 {[%clk 1:05:14]} Nxe5 {[%clk 1:32:07]} 15. dxe5
{[%clk 1:05:14]} Nxc3 {[%clk 1:32:07]} 16. Bxc3 {[%clk 1:05:14]} Be7
{[%clk 1:32:07]} 17. b4 {[%clk 1:05:14]} h6 {[%clk 1:32:07]} 18. Ra2
{[%clk 1:05:14]} Bg5 {[%clk 1:32:07]} 19. f4 {[%clk 1:05:14]} Bh4
{[%clk 1:32:07]} 20. Re2 {[%clk 1:05:14]} Rd7 {[%clk 1:32:07]} 21. Qe3
{[%clk 1:05:14]} Qb6 {[%clk 1:32:07]} 22. Qxb6 {[%clk 1:05:14]} axb6
{[%clk 1:32:07]} 23. Ra1 Rhd8 {[%clk 0:57:20]} 24. Kg2 {[%clk 0:20:49]} Rd1
{[%clk 0:51:06]} 25. Rxd1 {[%clk 0:20:32]} Rxd1 {[%clk 0:51:34]} 26. f5
{[%clk 0:19:47]} exf5 {[%clk 0:51:10]} 27. e6 {[%clk 0:20:05]} fxe6
{[%clk 0:49:31]} 28. Bxe6+ {[%clk 0:20:09]} Kc7 {[%clk 0:47:04]} 29. Bxf5
{[%clk 0:14:45]} Bxf5 {[%clk 0:47:04]} 30. gxf5 {[%clk 0:15:07]} Rd7
{[%clk 0:46:24]} 31. Re4 {[%clk 0:12:43]} Bf6 {[%clk 0:42:40]} 32. Bxf6
{[%clk 0:11:29]} gxf6 {[%clk 0:43:08]} 33. Re6 {[%clk 0:08:51]} Rd6
{[%clk 0:42:56]} 34. Re2 {[%clk 0:05:55]} Rd5 {[%clk 0:41:02]} 35. Rf2
{[%clk 0:06:21]} Kd6 {[%clk 0:40:56]} 36. Kg3 {[%clk 0:06:30]} Rd4
{[%clk 0:40:28]} 37. Re2 {[%clk 0:06:48]} Kd7 {[%clk 0:40:43]} 38. Re6
{[%clk 0:06:25]} Rd6 {[%clk 0:40:44]} 39. Re4 {[%clk 0:02:35]} Rd5
{[%clk 0:34:19]} 40. Kg4 {[%clk 0:02:42]} Re5 {[%clk 0:34:31]} 41. Rxe5
{[%clk 0:25:07]} fxe5 {[%clk 1:04:57]} 42. Kf3 {[%clk 0:25:21]} Ke7
{[%clk 1:05:18]} 43. c4 {[%clk 0:25:04]} h5 {[%clk 1:04:06]} 44. Ke4
{[%clk 0:25:14]} Kf6 {[%clk 1:04:20]} 45. h4 {[%clk 0:25:39]} 1-0

[Event "MSRCH16"]
[Site "?"]
[Date "2026.04.11"]
[Round "2.15"]
[White "Mrazik, Lukas"]
[Black "Simonov, Tobias"]
[Result "1/2-1/2"]
[BlackElo "1708"]
[WhiteElo "1929"]
[LiveChessVersion "1.4.8"]

1. e4 {[%clk 1:30:54]} e6 {[%clk 1:30:57]} 2. d4 {[%clk 1:31:17]} d5
{[%clk 1:31:23]} 3. e5 {[%clk 1:31:09]} c5 {[%clk 1:31:48]} 4. c3
{[%clk 1:31:30]} Nc6 {[%clk 1:31:47]} 5. Nf3 {[%clk 1:31:54]} Bd7
{[%clk 1:31:25]} 6. Bd3 {[%clk 1:31:29]} cxd4 {[%clk 1:31:10]} 7. cxd4
{[%clk 1:31:52]} Qb6 {[%clk 1:30:35]} 8. O-O {[%clk 1:30:51]} Nxd4
{[%clk 1:28:06]} 9. Nxd4 {[%clk 1:31:13]} Qxd4 {[%clk 1:28:22]} 10. Nc3
{[%clk 1:31:10]} a6 {[%clk 1:11:17]} 11. Qe2 {[%clk 1:28:59]} Qb6
{[%clk 1:07:44]} 12. Kh1 {[%clk 1:25:24]} Bc5 {[%clk 1:03:46]} 13. f4
{[%clk 1:24:34]} Ne7 {[%clk 0:59:11]} 14. f5 {[%clk 1:01:02]} O-O-O
{[%clk 0:45:48]} 15. fxe6 {[%clk 0:54:53]} fxe6 {[%clk 0:37:18]} 16. a3
{[%clk 0:49:06]} Rdf8 {[%clk 0:19:59]} 17. b4 {[%clk 0:44:58]} Bd4
{[%clk 0:19:51]} 18. Bb2 {[%clk 0:43:50]} Kb8 {[%clk 0:17:29]} 19. Rac1
{[%clk 0:38:13]} Ng6 {[%clk 0:11:35]} 20. Bxg6 {[%clk 0:24:08]} hxg6
{[%clk 0:11:57]} 21. Rcd1 {[%clk 0:16:30]} Bxc3 {[%clk 0:09:58]} 22. Rxf8+
{[%clk 0:13:51]} Rxf8 {[%clk 0:10:19]} 23. Bxc3 {[%clk 0:13:53]} Bb5
{[%clk 0:08:35]} 24. Qd2 {[%clk 0:13:09]} Rf2 {[%clk 0:06:07]} 25. Qd4
{[%clk 0:07:59]} Qxd4 {[%clk 0:05:36]} 26. Bxd4 {[%clk 0:08:22]} Rf1+
{[%clk 0:04:15]} 27. Rxf1 {[%clk 0:08:38]} Bxf1 {[%clk 0:04:40]} 28. Kg1
{[%clk 0:08:23]} Bd3 {[%clk 0:04:34]} 29. h4 {[%clk 0:07:45]} Kc7
{[%clk 0:03:52]} 30. Kf2 Kd7 {[%clk 0:02:19]} 31. Ke3 {[%clk 0:07:07]} Be4
{[%clk 0:02:10]} 32. g3 1/2-1/2

[Event "MSRCH16"]
[Site "?"]
[Date "2026.04.11"]
[Round "2.16"]
[White "Sekerak, Filip"]
[Black "Boba, Kristian"]
[Result "1-0"]
[BlackElo "1826"]
[WhiteElo "1764"]
[LiveChessVersion "1.4.8"]

1. e4 {[%clk 1:30:59]} c5 {[%clk 1:30:31]} 2. Nf3 {[%clk 1:31:26]} d6
{[%clk 1:30:17]} 3. c3 {[%clk 1:31:52]} Nc6 {[%clk 1:29:49]} 4. Be2
{[%clk 1:32:16]} Nf6 {[%clk 1:30:06]} 5. d4 {[%clk 1:32:40]} cxd4
{[%clk 1:28:36]} 6. cxd4 {[%clk 1:33:04]} Nxe4 {[%clk 1:25:19]} 7. d5
{[%clk 1:33:30]} Qa5+ {[%clk 1:23:16]} 8. Nc3 {[%clk 1:33:52]} Nxc3
{[%clk 1:22:28]} 9. bxc3 {[%clk 1:34:18]} Nd8 {[%clk 1:19:33]} 10. Qb3
{[%clk 1:28:09]} Bd7 {[%clk 1:18:24]} 11. Bd2 {[%clk 1:23:19]} Qc7
{[%clk 1:15:20]} 12. Rb1 {[%clk 1:20:29]} g6 {[%clk 1:13:42]} 13. Nd4
{[%clk 1:18:10]} a6 {[%clk 1:12:52]} 14. h4 {[%clk 1:08:08]} h5 {[%clk 1:11:04]}
15. Bd3 {[%clk 1:07:02]} Bg7 {[%clk 1:09:33]} 16. Bg5 {[%clk 1:03:21]} Qc5
{[%clk 0:58:54]} 17. Be3 {[%clk 0:59:43]} Qa5 {[%clk 0:56:46]} 18. Ne2
{[%clk 0:57:51]} b5 {[%clk 0:53:00]} 19. Bd2 {[%clk 0:53:44]} Qc7
{[%clk 0:51:25]} 20. c4 {[%clk 0:53:33]} O-O {[%clk 0:44:03]} 21. O-O
{[%clk 0:48:44]} e6 {[%clk 0:40:13]} 22. cxb5 {[%clk 0:47:15]} Bxb5
{[%clk 0:38:28]} 23. Rfc1 {[%clk 0:47:10]} Qe7 {[%clk 0:37:55]} 24. Bg5
{[%clk 0:34:10]} Bf6 {[%clk 0:37:15]} 25. Rc7 {[%clk 0:31:30]} Qxc7
{[%clk 0:33:29]} 26. Bxf6 {[%clk 0:31:39]} Bxd3 {[%clk 0:32:39]} 27. Qxd3
{[%clk 0:32:01]} e5 {[%clk 0:32:00]} 28. Qe3 {[%clk 0:32:23]} Kh7
{[%clk 0:32:08]} 29. Qg5 {[%clk 0:31:34]} Qd7 {[%clk 0:29:02]} 30. Ng3
{[%clk 0:28:33]} Qg4 {[%clk 0:26:20]} 31. Rb6 {[%clk 0:28:10]} Qxg5
{[%clk 0:24:51]} 32. hxg5 {[%clk 0:28:30]} Ra7 {[%clk 0:21:12]} 33. Rxd6
{[%clk 0:28:47]} Nb7 {[%clk 0:21:29]} 34. Rd7 {[%clk 0:28:53]} Kg8
{[%clk 0:21:14]} 35. Bxe5 {[%clk 0:28:38]} Rd8 {[%clk 0:21:10]} 36. Re7
{[%clk 0:26:53]} Kf8 {[%clk 0:20:43]} 37. d6 {[%clk 0:25:30]} Re8
{[%clk 0:18:11]} 38. Bg7+ {[%clk 0:25:37]} Kxg7 {[%clk 0:18:32]} 39. Rxe8
{[%clk 0:26:01]} Nxd6 {[%clk 0:18:55]} 40. Rd8 {[%clk 0:26:04]} Nf5
{[%clk 0:17:40]} 41. Nxf5+ {[%clk 0:26:22]} gxf5 {[%clk 0:18:02]} 42. Rd6
{[%clk 0:26:41]} a5 {[%clk 0:15:56]} 43. a4 {[%clk 0:27:04]} Rc7 {[%clk 0:16:02]}
44. Rd5 {[%clk 0:27:12]} Ra7 {[%clk 0:15:50]} 45. Rxf5 {[%clk 0:26:56]} Kg6
{[%clk 0:16:05]} 46. Rb5 {[%clk 0:27:22]} Ra6 {[%clk 0:15:07]} 47. Kh2
{[%clk 0:27:45]} Ra7 {[%clk 0:14:25]} 48. f4 {[%clk 0:27:57]} Ra6
{[%clk 0:12:02]} 49. g3 {[%clk 0:28:20]} Ra7 {[%clk 0:08:10]} 50. g4
{[%clk 0:28:45]} Ra6 {[%clk 0:06:20]} 51. Kg3 {[%clk 0:29:11]} hxg4
{[%clk 0:04:27]} 52. Kxg4 {[%clk 0:29:37]} f6 {[%clk 0:04:21]} 53. f5+
{[%clk 0:29:57]} Kg7 {[%clk 0:04:11]} 54. Rb7+ {[%clk 0:30:24]} Kf8
{[%clk 0:04:12]} 55. g6 {[%clk 0:30:07]} Rd6 {[%clk 0:04:10]} 56. g7+
{[%clk 0:30:31]} Kg8 {[%clk 0:04:26]} 57. Kh5 {[%clk 0:30:56]} Kh7
{[%clk 0:03:10]} 58. Ra7 {[%clk 0:31:05]} Rd5 {[%clk 0:03:11]} 59. g8=Q+
{[%clk 0:31:23]} Kxg8 {[%clk 0:03:24]} 60. Kg6 {[%clk 0:31:48]} Kf8
{[%clk 0:28:08]} 1-0